Pashwaalabha Meemaansaa (Record no. 356588)

MARC details
000 -LEADER
fixed length control field 003140000a22001450004500
005 - DATE AND TIME OF LATEST TRANSACTION
control field 20120302062408.0
040 ## - CATALOGING SOURCE
Original cataloging agency SAN
245 ## - TITLE STATEMENT
Title Pashwaalabha Meemaansaa
260 ## - PUBLICATION, DISTRIBUTION, ETC. (IMPRINT)
Place of publication, distribution, etc Pune:Aanandashram,
300 ## - PHYSICAL DESCRIPTION
Extent 41p
650 ## - SUBJECT ADDED ENTRY--TOPICAL TERM
Topical term or geographic name as entry element Sanskrut
650 ## - SUBJECT ADDED ENTRY--TOPICAL TERM
Topical term or geographic name as entry element Sankeerna
650 ## - SUBJECT ADDED ENTRY--TOPICAL TERM
Topical term or geographic name as entry element Pashwaalabha Meemaansaa
942 ## - ADDED ENTRY ELEMENTS (KOHA)
Koha item type Book
Holdings
Withdrawn status Lost status Damaged status Not for loan Home library Current library Date acquired Total Checkouts Barcode Date last seen Price effective from
        Institute For Oriental Study, Thane Institute For Oriental Study, Thane 12/02/2009   IOS-17649 12/02/2009 12/02/2009